| 000 | 00894nam a22002777a 4500 | ||
|---|---|---|---|
| 001 | 8248 | ||
| 003 | FISKH | ||
| 005 | 20250904162354.0 | ||
| 008 | 250904b cb ||||| |||| 00| 0 eng d | ||
| 020 | _a9781740897990 | ||
| 040 |
_aFISKH _beng _cFISKH _dFISKH |
||
| 050 | _a DS793.G67 R93 | ||
| 082 | _a931.04 | ||
| 100 | _aRyan, Denise | ||
| 245 |
_aThe great wall of China / _cBy Denise Ryan |
||
| 260 |
_aSydney : _bWeldon Owen , _c2008. |
||
| 300 |
_a24 pages : _bcolor illustrations ; _c23 cm . |
||
| 490 |
_aTopReaders _vStage 1 |
||
| 505 | _aI | ||
| 520 | _aThe Great Wall of China is extremely long. It is one of the most amazing things ever built by humans. Find out how it was made and why people built it. | ||
| 521 | 8 |
_a430
_bLexile estimate |
|
| 521 | 8 |
_aI
_bRaz-Plus |
|
| 650 |
_aAncient China _vNon-fiction |
||
| 942 |
_2ddc _cBK _n0 |
||
| 999 |
_c8248 _d8248 |
||